00155 a2200073 450000100060000010000120000624500250001826000380004314150 aMinolta aPortrait photography aNew JerseybMinolta corporationc